Vấn đề triết học trong tác phẩm của C. Mác, Ph.Ăngghen, V.I.Lênin : Sách tham khảo

Nội dung giới thiệu một số chỉ dẫn về phương pháp phân tích các tác phẩm kinh điển của triết học Mác - Lênin, phân tích một số tác phẩm tiêu biểu của C. Mác và Ph. Ăngghen, phân tích một số tác phẩm Lênin....

Disgrifiad llawn

Wedi'i Gadw mewn:
Manylion Llyfryddiaeth
Prif Awdur: Doãn, Chính
Fformat: Llyfr
Iaith:Undetermined
Cyhoeddwyd: Hà Nội Chính trị Quốc gia 2003
Pynciau:
Tagiau: Ychwanegu Tag
Dim Tagiau, Byddwch y cyntaf i dagio'r cofnod hwn!
Thư viện lưu trữ: Trung tâm Học liệu Trường Đại học Cần Thơ
LEADER 00977nam a2200217Ia 4500
001 CTU_62160
008 210402s9999 xx 000 0 und d
020 |c 59000 
082 |a 335.4 
082 |b Ch312 
100 |a Doãn, Chính 
245 0 |a Vấn đề triết học trong tác phẩm của C. Mác, Ph.Ăngghen, V.I.Lênin : 
245 0 |b Sách tham khảo 
245 0 |c Doãn Chính ( chủ biên ) ... [ et al. ] 
260 |a Hà Nội 
260 |b Chính trị Quốc gia 
260 |c 2003 
520 |a Nội dung giới thiệu một số chỉ dẫn về phương pháp phân tích các tác phẩm kinh điển của triết học Mác - Lênin, phân tích một số tác phẩm tiêu biểu của C. Mác và Ph. Ăngghen, phân tích một số tác phẩm Lênin. 
650 |a Philosophy 
904 |i Mai Loan 
980 |a Trung tâm Học liệu Trường Đại học Cần Thơ